Quer ficar comigo? (Record no. 156922)

MARC details
000 -LÍDER
campo de controle de tamanho fixo 00333 a2200145 4500
001 - NÚMERO DE CONTROLE
campo de controle 156922
020 ## - ISBN - INTERNATIONAL STANDARD BOOK NUMBER
ISBN - International Standard Book Number 97885100419111
040 ## - FONTE DA CATALOGAÇÃO
Instituição que transcreveu o registro Escola São Tomás de Aquino
100 ## - ENTRADA PRINCIPAL--NOME PESSOAL
Nome pessoal RENNÓ, Regina
240 10 - TÍTULO UNIFORME
Título uniforme Quer ficar comigo?
Idioma da obra por
245 10 - TÍTULO
Título Quer ficar comigo?
300 ## - DESCRIÇÃO FÍSICA
Extensão 40 p.
697 ## - ENTRADA DE ASSUNTO LOCAL--ENTIDADE COLETIVA (RLIN)
Nome corporativo ou nome da jurisdição Educação sexual
942 ## - ELEMENTOS DE ENTRADA ADICIONADOS (KOHA)
Tipo de material Koha Livros
Holdings
Situação do descarte Situação das perdas Situação física Não pode ser emprestado Biblioteca de origem Biblioteca atual Data de aquisição Total de empréstimos Número de chamada completo Código de barras Data de último acesso Data do preço efetivo Tipo de material Koha Fonte da classificação ou esquema de arquivamento na estante Nota pública
        ESTA - SÃO BENTO ESTA - SÃO BENTO 30/04/2024   372.372 REN QUE EST00011453 30/04/2024 30/04/2024 Livros    
        Novo Tempo - Aureliano São José Novo Tempo - Aureliano São José 15/07/2024     fm265 15/07/2024 15/07/2024 Livros Classificação Decimal de Dewey FD2/EM